<?xml version="1.0" encoding="UTF-8"?>
<marc:record xmlns:marc="http://www.loc.gov/MARC21/slim">
   <marc:leader>00000nam a2200000 a 4500</marc:leader>
   <marc:datafield ind1="0" ind2="0" tag="245">
      <marc:subfield code="a">Paw Patrol - Der Delfin-Freund; vier spannende Abenteuer</marc:subfield>
   </marc:datafield>
   <marc:datafield ind1="0" ind2="0" tag="245">
      <marc:subfield code="b">Hörfigur für die Toniebox</marc:subfield>
   </marc:datafield>
   <marc:datafield ind1="1" ind2=" " tag="520">
      <marc:subfield code="a">Das sind Chase, Marshall, Rocky, Zuma, Rubble und Skye. Die sechs heldenhaften Hunde werden von dem 10-jährigen Technikliebhaber Ryder angeführt. Mit ihren ganz speziellen Fähigkeiten und coolen Fahrzeugen schaffen sie es, jede Mission zu bewältigen – egal wie groß die Herausforderung scheint! Dieses Mal hat sich ein kleiner Delfin in einem Fluss verirrt und braucht Hilfe, um wieder zurück ins Meer zu kommen. Außerdem stürzt ein UFO über der Adventure Bay ab und der geheimnisvolle Außerirdische muss gefunden werden. Doch für die PAW Patrol gilt: Kein Einsatz zu groß, keine Pfote zu klein!</marc:subfield>
   </marc:datafield>
   <marc:datafield ind1=" " ind2=" " tag="300">
      <marc:subfield code="e">Hörspiel ab 3 Jahren</marc:subfield>
   </marc:datafield>
</marc:record>
